LEADER 01407nas 2200469-a 450 001 996216566803316 005 20220226213023.0 011 $a2204-2253 035 $a(DE-599)ZDB2388885-4 035 $a(OCoLC)77079299 035 $a(CKB)111088542168096 035 $a(CONSER)--2020204569 035 $a(EXLCZ)99111088542168096 100 $a20061219a20039999 --- - 101 0 $aeng 135 $aur||||||||||| 181 $ctxt$2rdacontent 182 $cc$2rdamedia 183 $acr$2rdacarrier 200 10$aAustralian journal of mechanical engineering 210 1$a[Crows Nest, NSW] :$cEngineers Media for Engineers Australia,$d[2003-] 210 4$dİ2003- 210 31$a[Melbourne, VIC] :$cTaylor & Francis 215 $a1 online resource 300 $aRefereed/Peer-reviewed 311 $a1448-4846 606 $aMechanical engineering$vPeriodicals 606 $aEngineering 606 $aengineering 606 $aMechanical engineering$2fast$3(OCoLC)fst01013375 608 $aPeriodical. 608 $aPeriodicals.$2fast 615 0$aMechanical engineering 615 12$aEngineering. 615 13$aengineering. 615 7$aMechanical engineering. 676 $a621.05 712 02$aInstitution of Engineers Australia, 906 $aJOURNAL 912 $a996216566803316 996 $aAustralian journal of mechanical engineering$92319171 997 $aUNISA